| 000 | 00631cam a22002293a 4500 | ||
|---|---|---|---|
| 001 | 26670 | ||
| 003 | PGUSA | ||
| 005 | 20140828083557.0 | ||
| 008 | 080919s2008||||xxu|||||s|||||000 | eng d | ||
| 040 |
_aPGUSA _beng |
||
| 042 | _adc | ||
| 050 | 4 | _aTH | |
| 100 | 1 |
_aSaylor, Henry H. _q(Henry Hodgman), _d1880- |
|
| 245 | 1 | 0 |
_aMaking a Fireplace _h[electronic resource] / _cHenry H. Saylor |
| 260 |
_bProject Gutenberg, _c2008 |
||
| 506 | _aPublic domain in the USA. | ||
| 516 | _aElectronic text | ||
| 653 | _aFireplaces | ||
| 830 | 0 |
_aProject Gutenberg _v26670 |
|
| 856 | 4 | 0 | _uhttp://www.gutenberg.org/ebooks/26670 |
| 942 | _cEB | ||
| 999 |
_c255925 _d255925 |
||